Statistiques concernant World’s top 20 best airport

Cliquez ici pour prendre le quiz!

Statistiques générales

  • Ce quiz a été pris 9 fois
  • Le résultat moyen est 7 sur 20

Statistiques - réponses

Top 20Réponse% Correct
6Paris CDG
88%
7Dubai
63%
15Madrid Barajas
63%
4Tokyo Haneda
63%
5Tokyo Narita
63%
1Doha Hamad
50%
10Istanbul
50%
12Rome Fiumicino
50%
2Singapore Changi
50%
11Hong Kong
38%
8Munich
38%
3Seoul Incheon
38%
20Copenhagen
13%
14Helsinki-Vantaa
0%
19Melbourne
0%
16Nagoya Centrair
0%
18Osaka, Kansai Airport
0%
17Vancouver
0%
13Vienna
0%
9Zurich
0%

Distribution des résultats

Percentile par nombre de réponses

% des personnes avec chaque résultat

Votre développement - résultats

Vous n’avez pas pris ce quiz